000 00337nam a2200133 a 4500
005 20140414093838.0
008 110322s19uu xx uuu eng d
050 _aCT
_bTIM
245 _aTimeless waltzes :
_binvitation to dance vol.8.
260 _aPhilippines :
_bIvory Records.
650 _aWaltz
942 _cAVM
999 _c109144
_d109144